000 01692nam a22003857a 4500
003 CO-BoRNBP
005 20230419205401.0
007 ta
008 210909s2019 ck ao e 000 0dspa d
020 _a9789587533224
040 _aCO-BoRNBP
_bspa
_erda
_cCO-BoRNBP
041 0 _aspa
043 _as-ck---
082 0 4 _a927.92023
_bC15p
_222
100 1 _aPulecio Mariño, Enrique
_eautor
_91405
245 1 0 _aRicardo Camacho
_bel gran espectáculo del mundo
_ctexto e investigación Enrique Pulecio ; diseño, concepto gráfico-editorial y edición fotográfica Susana Carrié
250 _aPrimera edición
264 1 _aBogotá, Colombia
_bMinisterio de Cultura. Programa Nacional de Estímulos
_c2019
300 _a127 páginas
_bilustraciones, fotografías a color
_c29 cm
_e1 DVD
336 _atexto
_btxt
_2rdacontent
337 _asin mediación
_bn
_2rdamedia
338 _avolumen
_bnc
_2rdacarrier
490 0 _aPremio Nacional de Vida y Obra, 2017
500 _aEl DVD acompañante tiene como título: "La tragedia de los telones", un documental de Diego García Moreno
521 _aRecomendado para un público adulto
546 _aDVD con subtítulos en ingles
586 _aEste homenaje al Director de teatro colombiano recibió el Premio Nacional de Vida y Obra del Ministerio de Cultura, 2017
600 1 4 _aCamacho Guizado, Ricardo
_vBiografías
_91406
610 2 _aTeatro Libre. Bogotá
_xHistoria
_91407
650 1 7 _aDirectores de teatro colombiano
_vBiografías
_2LEMB
_91408
650 1 7 _aTeatro colombiano
_xHistoria
_ySiglo XX
_2LEMB
_91409
700 1 _aCarrié, Susana
_eeditora
_91410
700 1 _aGarcía, Diego
_eguionista
_91411
942 _2ddc
_cBK
999 _c9419
_d9419